[Event "TUR Cup"]
[Site "Antalya"]
[Date "2020.02.01"]
[Round "10"]
[White "Bayik, Hasan"]
[Black "Saglam, Emrah Sitki"]
[Result "1-0"]
[WhiteElo "1822"]
[BlackElo "1614"]
[PlyCount "71"]
[EventDate "2020.01.26"]
[EventType "swiss"]
[EventRounds "11"]
[EventCountry "TUR"]
[SourceTitle "CBM 194 Extra"]
[Source "ChessBase"]
[SourceDate "2020.03.31"]
[SourceVersion "1"]
[SourceVersionDate "2020.03.31"]
[SourceQuality "1"]

1. d4 d5 2. c4 c6 3. Nf3 Bf5 4. Nc3 e6 5. cxd5 cxd5 6. Qb3 Qd7 7. Ne5 Qc7 8. Bf4 Qb6 9. e4 Qxb3 10. axb3 Bxe4 11. Nb5 Bb4+ 12. Bd2 Bxd2+ 13. Kxd2 f6 14. Nc7+ Ke7 15. Nf3 Nc6 16. Nxa8 Nh6 17. Nc7 a6 18. Bxa6 Bxf3 19. gxf3 bxa6 20. Rxa6 Nxd4 21. Nxe6 Nxf3+ 22. Ke2 Ne5 23. Rc1 Kf7 24. Nf4 Rd8 25. Rc7+ Rd7 26. Rxd7+ Nxd7 27. Nxd5 Nf5 28. b4 h5 29. Ra7 Ke6 30. Nf4+ Kd6 31. Nxh5 Ne5 32. Nxg7 Nd4+ 33. Kf1 Nd3 34. h4 Ne5 35. Ne8+ Kc6 36. Nxf6 1-0

[Event "TUR Cup"]
[Site "Antalya"]
[Date "2020.01.27"]
[Round "3"]
[White "Urun, Sina Mete"]
[Black "Bayik, Hasan"]
[Result "0-1"]
[WhiteElo "1494"]
[BlackElo "1822"]
[PlyCount "98"]
[EventDate "2020.01.26"]
[EventType "swiss"]
[EventRounds "11"]
[EventCountry "TUR"]
[SourceTitle "CBM 194 Extra"]
[Source "ChessBase"]
[SourceDate "2020.03.31"]
[SourceVersion "1"]
[SourceVersionDate "2020.03.31"]
[SourceQuality "1"]

1. e4 c6 2. d4 d5 3. Nc3 dxe4 4. Nxe4 Bf5 5. Ng3 Bg6 6. h4 h6 7. h5 Bh7 8. Nf3 e6 9. Bd3 Bxd3 10. Qxd3 Nf6 11. Bd2 Bd6 12. Ne4 Nxe4 13. Qxe4 Nd7 14. 0-0-0 Nf6 15. Qe2 Qc7 16. Ne5 0-0-0 17. Kb1 Kb8 18. Rh3 c5 19. Nf3 Rhe8 20. dxc5 Bxc5 21. Rh4 Ka8 22. Rf1 Rd5 23. Bc3 Red8 24. a4 a6 25. Ne5 Bd4 26. Bxd4 Rxd4 27. Rxd4 Rxd4 28. Nd3 Rxa4 29. Qe5 Qxe5 30. Nxe5 Nxh5 31. Nxf7 Rf4 32. Nd6 Kb8 33. f3 Kc7 34. Ne4 b6 35. Rd1 Nf6 36. Nc3 Rf5 37. Ne2 Rd5 38. Nd4 Rd6 39. Kc1 Kd7 40. g4 g6 41. c4 e5 42. Nc2 Rxd1+ 43. Kxd1 Kd6 44. Kd2 Kc5 45. Kd3 a5 46. Ne3 Kb4 47. Kc2 a4 48. Kd3 Kb3 49. Nd1 h5 0-1

[Event "TUR Cup"]
[Site "Antalya"]
[Date "2019.01.30"]
[Round "5"]
[White "Bayik, Hasan"]
[Black "Ince, Taylan Ruzgar"]
[Result "0-1"]
[WhiteElo "1825"]
[BlackElo "1544"]
[PlyCount "73"]
[EventDate "2019.01.27"]
[EventType "swiss"]
[EventRounds "11"]
[EventCountry "TUR"]
[SourceTitle "CBM 188 Extra"]
[Source "ChessBase"]
[SourceDate "2019.02.28"]
[SourceVersion "1"]
[SourceVersionDate "2019.02.28"]
[SourceQuality "1"]

1. d4 Nf6 2. c4 g6 3. Nc3 d5 4. cxd5 Nxd5 5. e4 Nxc3 6. bxc3 Bg7 7. Be3 c5 8. Nf3 Nc6 9. Rc1 Qa5 10. Qd2 0-0 11. d5 Rd8 12. Bd3 c4 13. Bxc4 Bg4 14. Nd4 Ne5 15. Bb3 Qa6 16. c4 Rac8 17. h3 Bd7 18. Qc3 b5 19. 0-0 Nxc4 20. Qb4 Qd6 21. Qxd6 Nxd6 22. f3 a5 23. Kf2 a4 24. Bc2 Rc4 25. Bd3 Rxd4 26. Bxd4 Bxd4+ 27. Ke2 b4 28. Rb1 Rb8 29. Rfc1 b3 30. axb3 axb3 31. Rc7 Ba4 32. Rxe7 b2 33. e5 Nf5 34. Rc7 Bb3 35. Bxf5 gxf5 36. Kd3 Bxe5 37. Ra7 0-1

[Event "TUR Cup"]
[Site "Antalya"]
[Date "2019.01.28"]
[Round "3"]
[White "Bayik, Hasan"]
[Black "Bogaakca, Mehmet"]
[Result "1-0"]
[WhiteElo "1825"]
[BlackElo "1671"]
[PlyCount "81"]
[EventDate "2019.01.27"]
[EventType "swiss"]
[EventRounds "11"]
[EventCountry "TUR"]
[SourceTitle "CBM 188 Extra"]
[Source "ChessBase"]
[SourceDate "2019.02.28"]
[SourceVersion "1"]
[SourceVersionDate "2019.02.28"]
[SourceQuality "1"]

1. d4 g6 2. c4 Bg7 3. Nc3 d6 4. e4 e5 5. dxe5 Bxe5 6. f4 Bg7 7. Nf3 Ne7 8. Be2 b6 9. Be3 Bb7 10. Bd4 f6 11. 0-0 Nd7 12. Bd3 Nc5 13. Bc2 Qd7 14. Nd5 Nxd5 15. exd5 0-0-0 16. f5 g5 17. Nxg5 h6 18. Ne6 Nxe6 19. fxe6 Qe7 20. Qf3 Rdf8 21. Bf5 h5 22. b4 Ba6 23. Rfc1 Bh6 24. Rc2 Rfg8 25. c5 Kb8 26. a4 Rg5 27. a5 b5 28. h4 Rgg8 29. c6 Qg7 30. Qf2 Qg3 31. Qxg3 Rxg3 32. Bxf6 Bg7 33. Bxg7 Rxg7 34. Re2 Re8 35. Rf1 Ree7 36. Re3 Kc8 37. Rf4 Kd8 38. Bg6 Rg8 39. Bxh5 Reg7 40. g4 Ke7 41. Rf7+ 1-0

[Event "TUR Cup"]
[Site "Antalya"]
[Date "2019.01.28"]
[Round "2"]
[White "Tarlabasi, Emirhan"]
[Black "Bayik, Hasan"]
[Result "1-0"]
[WhiteElo "2264"]
[BlackElo "1825"]
[PlyCount "55"]
[EventDate "2019.01.27"]
[EventType "swiss"]
[EventRounds "11"]
[EventCountry "TUR"]
[SourceTitle "CBM 188 Extra"]
[Source "ChessBase"]
[SourceDate "2019.02.28"]
[SourceVersion "1"]
[SourceVersionDate "2019.02.28"]
[SourceQuality "1"]

1. d4 d5 2. c4 c6 3. e3 Nf6 4. Nf3 e6 5. Nbd2 Nbd7 6. Bd3 Be7 7. 0-0 0-0 8. e4 dxe4 9. Nxe4 Nxe4 10. Bxe4 Nf6 11. Bc2 c5 12. Qd3 cxd4 13. Bg5 g6 14. Nxd4 Nh5 15. Bh6 Ng7 16. Qc3 Bf6 17. Rad1 Qe7 18. Qf3 Rd8 19. Nb5 Ne8 20. Rxd8 Qxd8 21. Rd1 Qe7 22. c5 Bg7 23. Bxg7 Kxg7 24. Qc3+ f6 25. Qd4 e5 26. Qd8 Qxd8 27. Rxd8 Kf7 28. Nd6+ 1-0

[Event "TUR Cup										"]
[Site "Antalya"]
[Date "2018.02.03"]
[Round "11"]
[White "Aktan, Mehmet Tolga"]
[Black "Bayik, Hasan"]
[Result "1-0"]
[WhiteElo "1758"]
[BlackElo "1878"]
[PlyCount "95"]
[EventDate "2018.01.27"]
[EventType "swiss"]
[EventRounds "11"]
[EventCountry "TUR"]
[SourceTitle "CBM 182 Extra"]
[Source "ChessBase"]
[SourceDate "2018.02.23"]
[SourceVersion "1"]
[SourceVersionDate "2018.02.23"]
[SourceQuality "1"]

1. e4 c6 2. d4 d5 3. Nd2 dxe4 4. Nxe4 Nf6 5. Nxf6+ exf6 6. c3 Bf5 7. Ne2 Bd6 8. Ng3 Bg6 9. Bd3 Bxd3 10. Qxd3 0-0 11. Be3 g6 12. Ne4 f5 13. Nxd6 Qxd6 14. g3 Nd7 15. 0-0-0 b5 16. d5 Ne5 17. Qd4 Rfe8 18. dxc6 Qxc6 19. Qd5 Qc4 20. h3 a6 21. Bf4 Qe4 22. Rd4 Qxd5 23. Rxd5 f6 24. Rhd1 Kf7 25. Rc5 Ra7 26. Kc2 Ree7 27. b3 Rac7 28. Rxc7 Rxc7 29. Rd6 Nc6 30. Rxf6+ Kxf6 31. Bxc7 Ke6 32. Kd3 Kd5 33. Bf4 a5 34. a3 a4 35. c4+ bxc4+ 36. bxc4+ Kc5 37. Kc3 Kb6 38. Bd6 Ka5 39. Kd3 Kb6 40. Ke3 Kb7 41. Bf8 Kb6 42. Kf4 Na5 43. Kg5 Nxc4 44. Kh6 Nd2 45. Kxh7 g5 46. Kg6 Ne4 47. Bh6 Nxf2 48. Bxg5 1-0

[Event "TUR Cup										"]
[Site "Antalya"]
[Date "2018.01.31"]
[Round "7"]
[White "Giris, Ruchan"]
[Black "Bayik, Hasan"]
[Result "0-1"]
[WhiteElo "1794"]
[BlackElo "1878"]
[PlyCount "106"]
[EventDate "2018.01.27"]
[EventType "swiss"]
[EventRounds "11"]
[EventCountry "TUR"]
[SourceTitle "CBM 182 Extra"]
[Source "ChessBase"]
[SourceDate "2018.02.23"]
[SourceVersion "1"]
[SourceVersionDate "2018.02.23"]
[SourceQuality "1"]

1. e4 c6 2. Nc3 d5 3. Nf3 dxe4 4. Nxe4 Nf6 5. Nxf6+ exf6 6. d4 Bf5 7. Bd3 Bxd3 8. Qxd3 Bd6 9. Nh4 0-0 10. Nf5 Re8+ 11. Be3 Bf4 12. 0-0 Bxe3 13. fxe3 g6 14. Ng3 Qe7 15. e4 Nd7 16. Rae1 Rad8 17. Qf3 c5 18. c3 cxd4 19. cxd4 Qb4 20. Qc3 Qxc3 21. bxc3 Rc8 22. Rb1 b6 23. Rfc1 h5 24. h4 Rc4 25. Rb4 Rec8 26. Rxc4 Rxc4 27. Nf1 b5 28. Ne3 Ra4 29. Rc2 Nb6 30. Kf2 Kf8 31. Kf3 Ke7 32. g4 hxg4+ 33. Kxg4 Ke6 34. h5 gxh5+ 35. Kxh5 Nc4 36. Nd5 Nd6 37. Nf4+ Kd7 38. Re2 b4 39. e5 fxe5 40. dxe5 bxc3 41. Nd5 Nb5 42. Kg5 Rc4 43. Rc2 Ke6 44. Ne3 Re4 45. Ng4 a5 46. Rc1 a4 47. Rc2 Rxg4+ 48. Kxg4 Kxe5 49. Kg3 Ke4 50. Rf2 Nd4 51. Rf1 c2 52. Kf2 Kd3 53. Rc1 Kd2 0-1

[Event "TUR-chT 1st League"]
[Site "Konya"]
[Date "2017.07.23"]
[Round "9.2"]
[White "Bayik, Hasan"]
[Black "Rzayev, Askar Aliakbar"]
[Result "0-1"]
[WhiteElo "1879"]
[BlackElo "2080"]
[PlyCount "126"]
[EventDate "2017.07.17"]
[EventType "team-swiss"]
[EventRounds "9"]
[EventCountry "TUR"]
[SourceTitle "CBM 179 Extra"]
[Source "ChessBase"]
[SourceDate "2017.08.23"]
[SourceVersion "1"]
[SourceVersionDate "2017.08.23"]
[SourceQuality "1"]
[WhiteTeam "Callica Burdur"]
[BlackTeam "Bursa Buyuksehir"]
[WhiteTeamCountry "TUR"]
[BlackTeamCountry "TUR"]

1. d4 Nf6 2. c4 e6 3. Nc3 Bb4 4. Qc2 0-0 5. Bg5 d5 6. e3 c5 7. Nf3 h6 8. Bxf6 Qxf6 9. cxd5 cxd4 10. Nxd4 exd5 11. a3 Bxc3+ 12. Qxc3 Nc6 13. Rc1 Ne5 14. f4 Ng4 15. Be2 Qh4+ 16. g3 Qe7 17. Bxg4 Bxg4 18. Qd3 Rfe8 19. Kf2 Rac8 20. Rhe1 a6 21. Nc2 Rc4 22. Nb4 Bf5 23. Qd2 Be4 24. b3 Rxc1 25. Rxc1 a5 26. Nc2 Rc8 27. Nd4 Rc5 28. Rxc5 Qxc5 29. b4 axb4 30. axb4 Qa7 31. Nb3 b6 32. Qd4 Qd7 33. Nd2 Qh3 34. Nxe4 Qxh2+ 35. Kf1 Qh1+ 36. Kf2 dxe4 37. Ke2 Qg2+ 38. Kd1 b5 39. Qd8+ Kh7 40. Qd5 Qxg3 41. Qxb5 Qg4+ 42. Ke1 f5 43. Qe2 Qg1+ 44. Kd2 Qa1 45. Qb5 Qb2+ 46. Kd1 Qb3+ 47. Kd2 Kg6 48. Qe8+ Kh7 49. Qb5 Qe6 50. Kc3 h5 51. Qe2 Qc6+ 52. Kb3 Qg6 53. Qe1 Qe6+ 54. Ka4 Qa6+ 55. Kb3 Qf6 56. b5 h4 57. Ka4 Qd8 58. Qe2 Kh6 59. Qg2 Qd1+ 60. Ka5 Qg4 61. Qf1 h3 62. b6 Qg2 63. Qe1 h2 0-1

[Event "TUR-chT 1st League"]
[Site "Konya"]
[Date "2017.07.21"]
[Round "7.6"]
[White "Bayik, Hasan"]
[Black "Afyoncu, Omer"]
[Result "1/2-1/2"]
[WhiteElo "1879"]
[BlackElo "2013"]
[PlyCount "99"]
[EventDate "2017.07.17"]
[EventType "team-swiss"]
[EventRounds "9"]
[EventCountry "TUR"]
[SourceTitle "CBM 179 Extra"]
[Source "ChessBase"]
[SourceDate "2017.08.23"]
[SourceVersion "1"]
[SourceVersionDate "2017.08.23"]
[SourceQuality "1"]
[WhiteTeam "Callica Burdur"]
[BlackTeam "Ankara Dernegi"]
[WhiteTeamCountry "TUR"]
[BlackTeamCountry "TUR"]

1. d4 Nf6 2. c4 e6 3. Nc3 Bb4 4. Qc2 0-0 5. e3 c5 6. Bd3 d5 7. cxd5 exd5 8. dxc5 Nc6 9. Nge2 Bxc5 10. a3 Re8 11. 0-0 Bb6 12. b4 Bc7 13. h3 a5 14. bxa5 Rxa5 15. Nb5 Bb8 16. Bb2 Ne5 17. Bc3 Ra8 18. Bf5 Ne4 19. Bxe4 dxe4 20. Ng3 Nd3 21. Nxe4 Rxe4 22. Rfd1 Qg5 23. Qxd3 Re8 24. Kf1 Ra6 25. a4 Be6 26. Nd4 Bc8 27. Qb5 Qe7 28. Bb4 Qd7 29. Qxd7 Bxd7 30. Nb5 Rxa4 31. Nd6 Bxd6 32. Rxa4 Bxa4 33. Rxd6 b5 34. Ba5 f5 35. Ke2 Re4 36. Rd8+ Kf7 37. Rd7+ Re7 38. Rxe7+ Kxe7 39. Kd3 Ke6 40. Kd4 Bd1 41. Bb4 Be2 42. h4 g6 43. Ba3 Bc4 44. Bb4 Bf1 45. g3 Bg2 46. Ba3 Be4 47. Bb4 h6 48. Bf8 h5 49. Bb4 Bg2 50. Ba3 1/2-1/2

[Event "TUR-chT 1st League"]
[Site "Konya"]
[Date "2017.07.20"]
[Round "5.6"]
[White "Bayik, Hasan"]
[Black "Dogan, Ali Ekber"]
[Result "1-0"]
[WhiteElo "1879"]
[BlackElo "2136"]
[PlyCount "63"]
[EventDate "2017.07.17"]
[EventType "team-swiss"]
[EventRounds "9"]
[EventCountry "TUR"]
[SourceTitle "CBM 179 Extra"]
[Source "ChessBase"]
[SourceDate "2017.08.23"]
[SourceVersion "1"]
[SourceVersionDate "2017.08.23"]
[SourceQuality "1"]
[WhiteTeam "Callica Burdur"]
[BlackTeam "Biltis Tatvan"]
[WhiteTeamCountry "TUR"]
[BlackTeamCountry "TUR"]

1. Nf3 Nf6 2. d4 g6 3. c4 Bg7 4. Nc3 0-0 5. e4 d6 6. Be2 Na6 7. 0-0 e5 8. dxe5 dxe5 9. Bg5 h6 10. Qxd8 Rxd8 11. Bxf6 Bxf6 12. Nd5 Kg7 13. b4 c6 14. Nxf6 Kxf6 15. a3 Bg4 16. Rfd1 Nc7 17. Rxd8 Rxd8 18. Rd1 Rxd1+ 19. Bxd1 Ne6 20. h3 Bxf3 21. Bxf3 Ng5 22. Kh2 Nxf3+ 23. gxf3 Kg5 24. Kg3 b5 25. c5 a6 26. h4+ Kf6 27. f4 Ke6 28. Kg4 exf4 29. Kxf4 Kf6 30. e5+ Ke6 31. Ke4 h5 32. Kf4 1-0

[Event "TUR-chT 1st League"]
[Site "Konya"]
[Date "2017.07.19"]
[Round "4.8"]
[White "Gumustas, Ilgaz"]
[Black "Bayik, Hasan"]
[Result "1/2-1/2"]
[WhiteElo "1755"]
[BlackElo "1879"]
[PlyCount "60"]
[EventDate "2017.07.17"]
[EventType "team-swiss"]
[EventRounds "9"]
[EventCountry "TUR"]
[SourceTitle "CBM 179 Extra"]
[Source "ChessBase"]
[SourceDate "2017.08.23"]
[SourceVersion "1"]
[SourceVersionDate "2017.08.23"]
[SourceQuality "1"]
[WhiteTeam "Manisa Salihli Sardes"]
[BlackTeam "Callica Burdur"]
[WhiteTeamCountry "TUR"]
[BlackTeamCountry "TUR"]

1. e4 c6 2. d4 d5 3. Nc3 dxe4 4. Nxe4 Bf5 5. Ng3 Bg6 6. Nf3 e6 7. Bd3 Bxd3 8. Qxd3 Nf6 9. 0-0 Bd6 10. Re1 0-0 11. c4 Nbd7 12. Bd2 c5 13. Bc3 Rc8 14. b3 Re8 15. Rad1 Qc7 16. Qe2 Rcd8 17. Ng5 h6 18. N5e4 Nxe4 19. Qxe4 Nf6 20. Qf3 Bxg3 21. hxg3 cxd4 22. Rxd4 Rxd4 23. Bxd4 e5 24. Bc3 b5 25. Qe2 bxc4 26. Qxc4 Qxc4 27. bxc4 Rc8 28. Bxe5 Rxc4 29. Bxf6 gxf6 30. Re2 Kg7 1/2-1/2

[Event "TUR-chT 1st League"]
[Site "Konya"]
[Date "2017.07.18"]
[Round "3.9"]
[White "Bayik, Hasan"]
[Black "Tezcan, Emre"]
[Result "0-1"]
[WhiteElo "1879"]
[BlackElo "2107"]
[PlyCount "60"]
[EventDate "2017.07.17"]
[EventType "team-swiss"]
[EventRounds "9"]
[EventCountry "TUR"]
[SourceTitle "CBM 179 Extra"]
[Source "ChessBase"]
[SourceDate "2017.08.23"]
[SourceVersion "1"]
[SourceVersionDate "2017.08.23"]
[SourceQuality "1"]
[WhiteTeam "Callica Burdur"]
[BlackTeam "Ordu Buyuksehir Belediye"]
[WhiteTeamCountry "TUR"]
[BlackTeamCountry "TUR"]

1. Nf3 c5 2. c4 g6 3. Nc3 Bg7 4. e3 Nf6 5. d4 cxd4 6. exd4 d5 7. Be3 Nc6 8. Be2 0-0 9. 0-0 dxc4 10. Bxc4 Bg4 11. Be2 Rc8 12. h3 Bf5 13. a3 Nd5 14. Rc1 Na5 15. Nxd5 Qxd5 16. b4 Rxc1 17. Bxc1 Nb3 18. Be3 Rc8 19. Ne5 Bc2 20. Bf3 Qd6 21. Qe2 Nxd4 22. Bxd4 Qxd4 23. Re1 Rc7 24. Ng4 h5 25. Ne3 Bb3 26. Qb5 a6 27. Qa5 Rd7 28. Bd1 Qa1 29. Qc5 Rd6 30. Nc2 Qc3 0-1

[Event "TUR-chT 1st League"]
[Site "Konya"]
[Date "2017.07.17"]
[Round "1.6"]
[White "Bayik, Hasan"]
[Black "Komut, Kaan"]
[Result "1/2-1/2"]
[WhiteElo "1879"]
[BlackElo "1946"]
[PlyCount "137"]
[EventDate "2017.07.17"]
[EventType "team-swiss"]
[EventRounds "9"]
[EventCountry "TUR"]
[SourceTitle "CBM 179 Extra"]
[Source "ChessBase"]
[SourceDate "2017.08.23"]
[SourceVersion "1"]
[SourceVersionDate "2017.08.23"]
[SourceQuality "1"]
[WhiteTeam "Callica Burdur"]
[BlackTeam "Pamukkale Universiteli"]
[WhiteTeamCountry "TUR"]
[BlackTeamCountry "TUR"]

1. Nf3 c5 2. c4 g6 3. Nc3 Bg7 4. g3 Nf6 5. Bg2 0-0 6. 0-0 Nc6 7. d3 a6 8. a3 Rb8 9. Qa4 d6 10. Bd2 Bd7 11. Rfb1 Nd4 12. Qd1 Bc6 13. e3 Nxf3+ 14. Bxf3 d5 15. cxd5 Bxd5 16. Nxd5 Nxd5 17. e4 Nc7 18. Bf4 e5 19. Be3 Ne6 20. Qc2 Qd6 21. Rc1 b6 22. b4 cxb4 23. axb4 Qxb4 24. Rxa6 Nd4 25. Bxd4 Qxd4 26. Qc4 Rfd8 27. Ra7 Qxc4 28. dxc4 Bf8 29. Rd1 Rxd1+ 30. Bxd1 Rd8 31. Be2 Rd2 32. Kf1 Bc5 33. Ra1 Kf8 34. Ra8+ Ke7 35. Ra1 Ke6 36. Rd1 Rc2 37. g4 Bd4 38. Rb1 Kd6 39. h3 f6 40. Ke1 Rc3 41. f3 Rc2 42. Kd1 Ra2 43. Ke1 Ke7 44. Rd1 Rb2 45. Kf1 Kd6 46. Rc1 Kc5 47. Rd1 Kb4 48. h4 h6 49. Rc1 Ra2 50. Ke1 Be3 51. Rd1 Bd4 52. Rc1 Rb2 53. Kf1 h5 54. Rd1 Kc3 55. gxh5 gxh5 56. f4 exf4 57. Rd3+ Kxc4 58. Rd2+ Kc5 59. Rxb2 Bxb2 60. Bxh5 Kd4 61. Bg6 Ke3 62. h5 Ba3 63. h6 Bf8 64. h7 Bg7 65. Be8 Kxe4 66. Kf2 Bh8 67. Bc6+ Kd4 68. Kf3 Ke5 69. Bb5 1/2-1/2

[Event "Malatya Golden Apricot op 4th"]
[Site "Malatya"]
[Date "2016.08.22"]
[Round "2"]
[White "Quparadze, Giga"]
[Black "Bayik, Hasan"]
[Result "1-0"]
[WhiteElo "2471"]
[BlackElo "1909"]
[PlyCount "93"]
[EventDate "2016.08.21"]
[EventType "swiss"]
[EventRounds "9"]
[EventCountry "TUR"]
[SourceTitle "CBM 174 Extra"]
[Source "ChessBase"]
[SourceDate "2016.10.10"]
[SourceVersion "1"]
[SourceVersionDate "2016.10.10"]
[SourceQuality "1"]

1. e4 c6 2. d4 d5 3. Nc3 dxe4 4. Nxe4 Bf5 5. Ng3 Bg6 6. h4 h6 7. Nf3 Nd7 8. h5 Bh7 9. Bd3 Bxd3 10. Qxd3 Ngf6 11. Bf4 e6 12. 0-0-0 Be7 13. Kb1 0-0 14. Qe2 Qa5 15. Ne5 Nxe5 16. dxe5 Nd5 17. Bd2 Qc7 18. f4 f5 19. Nf1 Rad8 20. c4 Nb6 21. g4 Qd7 22. gxf5 exf5 23. Rg1 Qd4 24. Qg2 Qe4+ 25. Qxe4 fxe4 26. Ne3 Bc5 27. b4 Bxe3 28. Bxe3 Rxd1+ 29. Rxd1 Nxc4 30. Bc5 Re8 31. Rd4 b5 32. Kc2 e3 33. Kd3 g5 34. hxg6 Kg7 35. Rd7+ Kxg6 36. Ke4 e2 37. Bf2 Kh5 38. Rd3 Rf8 39. Be1 Rg8 40. Rh3+ Kg6 41. Rh2 Re8 42. f5+ Kg7 43. e6 Nd6+ 44. Ke5 Nf7+ 45. Kf4 Ng5 46. Bc3+ Kh7 47. Rxe2 1-0

[Event "Kahramanmaras op 7th"]
[Site "Kahramanmaras"]
[Date "2016.04.10"]
[Round "9.9"]
[White "Bayik, Hasan"]
[Black "Akkok, Durdu"]
[Result "1-0"]
[WhiteElo "1873"]
[BlackElo "1806"]
[PlyCount "95"]
[EventDate "2016.04.04"]
[EventType "swiss"]
[EventRounds "9"]
[EventCountry "TUR"]
[SourceTitle "EXT 2018"]
[Source "ChessBase"]
[SourceDate "2017.10.13"]
[SourceVersion "1"]
[SourceVersionDate "2017.10.13"]
[SourceQuality "1"]

1. Nf3 Nf6 2. c4 c5 3. b3 Nc6 4. Bb2 d6 5. Nc3 e5 6. d3 Be7 7. g3 0-0 8. Bg2 Nd4 9. 0-0 Nxf3+ 10. Bxf3 a6 11. a3 Qc7 12. b4 Rb8 13. Qb3 b6 14. Bc1 h6 15. Bg2 Bb7 16. e4 Bc6 17. f4 b5 18. bxc5 dxc5 19. Nd5 Bxd5 20. cxd5 Bd6 21. Qc3 a5 22. Bb2 b4 23. axb4 axb4 24. Qd2 Ra8 25. Rac1 Ra2 26. fxe5 Qa7 27. exd6 c4+ 28. Qf2 Qxf2+ 29. Rxf2 Ng4 30. Rfc2 Ne3 31. dxc4 Nxc2 32. Rxc2 b3 33. Rf2 Rfa8 34. e5 Kf8 35. e6 f6 36. d7 Ke7 37. d6+ Kxe6 38. Bxa8 Rxa8 39. Re2+ Kxd7 40. c5 Kc6 41. Bd4 Kd5 42. Rd2 Kc6 43. Kf2 f5 44. Bxg7 Kxc5 45. d7 Rd8 46. Bf6 b2 47. Bxb2 Kc6 48. Kf3 1-0

[Event "Kahramanmaras op 7th"]
[Site "Kahramanmaras"]
[Date "2016.04.08"]
[Round "7.6"]
[White "Bayik, Hasan"]
[Black "Sevdimaliyev, Urfan"]
[Result "0-1"]
[WhiteElo "1873"]
[BlackElo "2411"]
[PlyCount "110"]
[EventDate "2016.04.04"]
[EventType "swiss"]
[EventRounds "9"]
[EventCountry "TUR"]
[SourceTitle "EXT 2018"]
[Source "ChessBase"]
[SourceDate "2017.10.13"]
[SourceVersion "1"]
[SourceVersionDate "2017.10.13"]
[SourceQuality "1"]

1. d4 e6 2. c4 Bb4+ 3. Bd2 a5 4. a3 Bxd2+ 5. Nxd2 d6 6. e3 Nf6 7. b4 0-0 8. Ngf3 b6 9. Bd3 Bb7 10. 0-0 Qe7 11. e4 e5 12. bxa5 Rxa5 13. d5 Nbd7 14. Nb3 Ra7 15. a4 Rfa8 16. Nbd2 Nc5 17. Bc2 Bc8 18. Ne1 Bd7 19. g3 Bxa4 20. Bxa4 Rxa4 21. Rxa4 Rxa4 22. Nd3 Nfd7 23. Nxc5 Nxc5 24. Qc2 Qd8 25. Nb3 Nxb3 26. Qxb3 Ra5 27. f4 exf4 28. Rxf4 Qe8 29. Qf3 Ra1+ 30. Kg2 Ra2+ 31. Kg1 Qe5 32. Rxf7 Qd4+ 33. Kh1 Qa1+ 34. Qf1 Qxf1+ 35. Rxf1 Rc2 36. e5 dxe5 37. Re1 Rxc4 38. Rxe5 Kf7 39. Kg2 Rc2+ 40. Kg1 Rc5 41. Kf2 Rc2+ 42. Kg1 g6 43. h4 h5 44. Rg5 Rc5 45. Re5 Kf6 46. Re6+ Kf5 47. Re7 Kg4 48. Re6 Kxg3 49. Rxg6+ Kxh4 50. Rg7 b5 51. Re7 Kg3 52. Rg7+ Kf4 53. Rg6 Ke5 54. Rg5+ Kd6 55. Rxh5 Rxd5 0-1

[Event "Kahramanmaras op 7th"]
[Site "Kahramanmaras"]
[Date "2016.04.05"]
[Round "2.4"]
[White "Neverov, Valeriy"]
[Black "Bayik, Hasan"]
[Result "1-0"]
[WhiteElo "2494"]
[BlackElo "1873"]
[PlyCount "37"]
[EventDate "2016.04.04"]
[EventType "swiss"]
[EventRounds "9"]
[EventCountry "TUR"]
[SourceTitle "EXT 2018"]
[Source "ChessBase"]
[SourceDate "2017.10.13"]
[SourceVersion "1"]
[SourceVersionDate "2017.10.13"]
[SourceQuality "1"]

1. d4 d6 2. g3 e5 3. dxe5 dxe5 4. Qxd8+ Kxd8 5. Nc3 c6 6. f4 Bd6 7. Nf3 exf4 8. gxf4 Nf6 9. e4 Bb4 10. Bd2 Bxc3 11. Bxc3 Nxe4 12. 0-0-0+ Nd7 13. Bxg7 Rg8 14. Rg1 b5 15. Ne5 Ke8 16. Nxc6 a6 17. Bh3 Rxg7 18. Rxg7 Kf8 19. Rxh7 1-0

[Event "TUR-chT2"]
[Site "Konya"]
[Date "2014.06.29"]
[Round "9.4"]
[White "Okus, Melih"]
[Black "Bayik, Hasan"]
[Result "1/2-1/2"]
[WhiteElo "1992"]
[BlackElo "2042"]
[PlyCount "86"]
[EventDate "2014.06.23"]
[EventType "team-swiss"]
[EventRounds "9"]
[EventCountry "TUR"]
[SourceTitle "CBM 161 Extra"]
[Source "ChessBase"]
[SourceDate "2014.08.29"]
[SourceVersion "1"]
[SourceVersionDate "2014.08.29"]
[SourceQuality "1"]
[WhiteTeam "Pausa"]
[BlackTeam "Burdur"]
[WhiteTeamCountry "TUR"]
[BlackTeamCountry "TUR"]

1. e4 c6 2. Nc3 d5 3. Nf3 dxe4 4. Nxe4 Nf6 5. Ng3 Bg4 6. Bc4 e6 7. h3 Bxf3 8. Qxf3 Bd6 9. 0-0 Qc7 10. Nh5 Nxh5 11. Qxh5 Nd7 12. d4 Nf6 13. Qf3 h6 14. Be3 Nd5 15. Bxd5 cxd5 16. Qg4 Qxc2 17. Qxg7 Qh7 18. Qxh7 Rxh7 19. Rac1 Kd7 20. Rc2 Rc8 21. Rxc8 Kxc8 22. Rc1+ Kd7 23. Kf1 f6 24. Ke2 h5 25. f4 b6 26. Kf3 f5 27. Bf2 Be7 28. Be1 Rg7 29. g3 Rg8 30. Bc3 Bf6 31. Rg1 b5 32. a3 a5 33. Rd1 Ra8 34. g4 fxg4+ 35. hxg4 hxg4+ 36. Kxg4 Be7 37. Be1 b4 38. axb4 Bxb4 39. Bxb4 axb4 40. Rf1 Rc8 41. f5 Rg8+ 42. Kf4 exf5 43. Ke5 Rg2 1/2-1/2

[Event "TUR-chT2"]
[Site "Konya"]
[Date "2014.06.27"]
[Round "7.7"]
[White "Bayik, Hasan"]
[Black "Ozmen, Halil Nejat"]
[Result "0-1"]
[WhiteElo "2042"]
[BlackElo "1928"]
[PlyCount "54"]
[EventDate "2014.06.23"]
[EventType "team-swiss"]
[EventRounds "9"]
[EventCountry "TUR"]
[SourceTitle "CBM 161 Extra"]
[Source "ChessBase"]
[SourceDate "2014.08.29"]
[SourceVersion "1"]
[SourceVersionDate "2014.08.29"]
[SourceQuality "1"]
[WhiteTeam "Burdur"]
[BlackTeam "Antalya"]
[WhiteTeamCountry "TUR"]
[BlackTeamCountry "TUR"]

1. Nf3 d5 2. c4 c6 3. d4 Nf6 4. e3 e6 5. Nc3 Nbd7 6. Qc2 a6 7. Bd3 dxc4 8. Bxc4 b5 9. Bd3 c5 10. e4 cxd4 11. e5 dxc3 12. exf6 Nxf6 13. bxc3 Bb7 14. Bg5 h6 15. Bh4 Be7 16. 0-0 0-0 17. Rad1 Qb6 18. Ne5 Rfd8 19. Kh1 Rac8 20. f3 Qc7 21. Rfe1 Qxc3 22. Qb1 Qb4 23. Qxb4 Bxb4 24. Re2 g5 25. Bf2 Nd5 26. Bh7+ Kxh7 27. Nxf7 Rd7 0-1

[Event "TUR-chT2"]
[Site "Konya"]
[Date "2014.06.26"]
[Round "5.2"]
[White "Bayik, Hasan"]
[Black "Yelligedik, Murat"]
[Result "1/2-1/2"]
[WhiteElo "2042"]
[BlackElo "1846"]
[PlyCount "68"]
[EventDate "2014.06.23"]
[EventType "team-swiss"]
[EventRounds "9"]
[EventCountry "TUR"]
[SourceTitle "CBM 161 Extra"]
[Source "ChessBase"]
[SourceDate "2014.08.29"]
[SourceVersion "1"]
[SourceVersionDate "2014.08.29"]
[SourceQuality "1"]
[WhiteTeam "Burdur"]
[BlackTeam "Callica"]
[WhiteTeamCountry "TUR"]
[BlackTeamCountry "TUR"]

1. Nf3 c5 2. c4 g6 3. Nc3 Bg7 4. g3 Nc6 5. Bg2 e5 6. d3 Nge7 7. e4 d6 8. Be3 0-0 9. Qd2 Nd4 10. 0-0 Rb8 11. h4 Bh3 12. Bxd4 Bxg2 13. Kxg2 exd4 14. Nd5 f5 15. Ng5 Bh6 16. f4 Bxg5 17. hxg5 Nxd5 18. exd5 Qd7 19. Rfe1 Rfe8 20. Qa5 b6 21. Qb5 Qxb5 22. cxb5 Kf7 23. Kf2 Rb7 24. Rxe8 Kxe8 25. Re1+ Re7 26. Rxe7+ Kxe7 27. Ke2 Kf7 28. Kd2 Kg7 29. Kc2 h5 30. b4 Kf7 31. Kb3 Ke7 32. a4 Kd7 33. a5 Kc7 34. Kc4 Kd7 1/2-1/2